The travels of Ermine : the big london treasure hunt

Bibliographic Details
Main Author: Gray, Jennifer
Other Authors: Paganelli, Elisa
Format: Book
Published: London : Usborne Publishing Ltd. , 2019
Subjects:

MARC

LEADER 00000cam a2200000 7i4500
001 0000242557
005 20200619153317.0
020 |a 9781474964364 
090 0 0 |a JF   |b GRA 
100 1 |a Gray, Jennifer 
245 1 4 |a The travels of Ermine :   |b the big london treasure hunt   |c Jennifer Gray ; illustrated by Elisa Paganelli 
260 |a London :   |b Usborne Publishing Ltd. ,   |c 2019 
300 |a 169p. :   |b ill. ;   |c 20cm. 
650 0 |a Children's stories 
700 1 |a Paganelli, Elisa 
999 |a 00380781   |b BUKU   |c PINJAMAN   |e PERPUSTAKAAN KOMUNITI PETALING JAYA